[Event "Mistrzostwa Polski Juniorow Mlodszych do lat 14 - OOM Zachodniopomorskie 2023"]
[Site "Darlowek"]
[Date "1899-12-30"]
[Round "5.15"]
[White "Wojtacha, Krzysztof"]
[Black "Lechowski, Witold"]
[Result "1-0"]
[WhiteTitle "I"]
[BlackTitle "I"]
[WhiteElo "1505"]
[BlackElo "1650"]

1. e4 c5 2. Nf3 d6 3. d4 cxd4 4. Nxd4 Nf6 5. Nc3 a6 6. f3 e5 7. Nb3 Be6 8. Be3
h5 9. Nd5 Bxd5 10. exd5 Nbd7 11. Qd2 g6 12. O-O-O Nb6 13. Kb1 Nbxd5 14. Bg5 Be7
15. c4 Nb6 16. Bxf6 Bxf6 17. Qxd6 Qxd6 18. Rxd6 Na4 19. c5 Ke7 20. Bc4 Rac8 21.
Rhd1 Rc7 22. c6 Nb6 23. Be2 Rxc6 24. Rxc6 bxc6 25. Bxa6 Rd8 26. Rc1 Nd5 27. Na5
Kf8 28. Nxc6 Rd6 29. Bd3 Bg5 30. Rc5 Be3 31. Rc2 Bh6 32. Nxe5 Bf4 33. Nc4 Rd8
34. a3 Bxh2 35. Be4 Nf4 36. b4 h4 37. b5 f5 38. Bc6 Ne6 39. a4 Rb8 40. Rb2 Bg1
41. b6 Bd4 42. Rb5 Nc5 43. a5 Na4 44. Kc2 Nc5 45. b7 Ke7 46. Rb1 Kd8 47. Rd1 Kc7
48. Rxd4 Kxc6 49. Ne5+ Kxb7 50. Rb4+ Kc7 51. Rxb8 Kxb8 52. Nxg6 h3 53. gxh3 Ne6
54. h4 Nd4+ 55. Kd3 Nxf3 56. h5 Ng5 57. Ke3 Ka7 58. Ne5 Ka6 59. Nc4 Kb5 60. Kf4
Ne6+ 61. Kxf5 Ng7+ 62. Kg6 Nxh5 63. Kxh5 Ka6 64. Kg6 Ka7 65. Kf6 Ka6 66. Ke6 Ka7
67. Kd6 Kb8 68. Kc6 Ka8 69. Kb6 Kb8 70. Nd6 Ka8 71. Nb5 1-0

[Event "Mistrzostwa Polski Juniorow Mlodszych do lat 14 - OOM Zachodniopomorskie 2023"]
[Site "Darlowek"]
[Date "1899-12-30"]
[Round "5.16"]
[White "Rajlich, Vaclav"]
[Black "Terkiewicz, Bruno"]
[Result "1/2-1/2"]
[WhiteTitle "I"]
[BlackTitle "I++"]
[WhiteElo "1530"]
[BlackElo "1998"]

1. e4 c5 2. Nf3 Nc6 3. d4 cxd4 4. Nxd4 e5 5. Nb5 d6 6. N1c3 a6 7. Na3 Be6 8. Nd5
Nf6 9. Bg5 Bxd5 10. Bxf6 Qa5+ 11. c3 Bxe4 12. Nc4 Qc7 13. Bxg7 Rg8 14. Bxf8 Kxf8
15. f3 Bg6 16. Qxd6+ Qe7 17. O-O-O Rd8 18. Qxe7+ Kxe7 19. Be2 Bf5 20. Ne3 Be6
21. b3 b5 22. Rxd8 Rxd8 23. Rd1 f5 24. Rxd8 Nxd8 25. Bd3 Kf6 26. Kc2 Nb7 27. c4
bxc4 28. Bxc4 a5 29. a4 Nc5 30. Kc3 Bc8 31. Nd5+ Kg5 32. Nb6 Bb7 33. Bd5 Ba6 34.
Nc4 e4 35. fxe4 fxe4 36. Nxa5 e3 37. Bc4 Bxc4 38. Nxc4 Kf4 39. a5 Nxb3 40. Nxe3
Nxa5 1/2-1/2

[Event "Mistrzostwa Polski Juniorow Mlodszych do lat 14 - OOM Zachodniopomorskie 2023"]
[Site "Darlowek"]
[Date "1899-12-30"]
[Round "5.17"]
[White "Gawlik, Olivier"]
[Black "Niesyt, Michal"]
[Result "1-0"]
[WhiteTitle "II+"]
[BlackTitle "I"]
[WhiteElo "1412"]
[BlackElo "1710"]

1. e4 c5 2. Nf3 d6 3. c4 Nf6 4. Nc3 g6 5. d4 cxd4 6. Nxd4 Bg7 7. f3 O-O 8. Be2
Nc6 9. Be3 Nd7 10. Qd2 Nc5 11. Rd1 Qa5 12. O-O Be6 13. b3 Rfc8 14. f4 a6 15. f5
Bd7 16. Nd5 Qd8 17. Qc2 Ne5 18. h4 Bc6 19. g4 Bxd5 20. exd5 b5 21. g5 bxc4 22.
bxc4 Qa5 23. fxg6 hxg6 24. h5 Qa3 25. Nb3 a5 26. hxg6 fxg6 27. Bd4 Ncd7 28. Bg4
Nxg4 29. Qxg6 Nde5 30. Bxe5 Nxe5 31. Qe6+ Kh7 32. Kg2 Qxa2+ 33. Rd2 Qxb3 34. Rh1+
Bh6 35. Rxh6+ Kg7 36. Qxe7+ Kg8 37. Qh7+ Kf8 38. Rf2+ Ke8 39. Re6+ Kd8 40. Qe7#
1-0

[Event "Mistrzostwa Polski Juniorow Mlodszych do lat 14 - OOM Zachodniopomorskie 2023"]
[Site "Darlowek"]
[Date "1899-12-30"]
[Round "5.18"]
[White "Haladaj, Adam"]
[Black "Nocek, Dominik"]
[Result "1-0"]
[WhiteTitle "I"]
[BlackTitle "I"]
[WhiteElo "1614"]
[BlackElo "1501"]

1. e4 e5 2. Nf3 Nc6 3. d4 exd4 4. Nxd4 Nf6 5. Nxc6 bxc6 6. Bd3 d5 7. exd5 cxd5
8. O-O Be7 9. c4 O-O 10. Nc3 d4 11. Ne4 Bb7 12. Nxf6+ Bxf6 13. Bf4 Qd7 14. b4
Rac8 15. f3 c5 16. b5 Rfe8 17. Qc2 g6 18. Rae1 Re6 19. Rxe6 Qxe6 20. Bg3 Qd7 21.
Re1 Re8 22. Qd2 Re6 23. Kf1 Qe7 24. Rxe6 Qxe6 25. Qe2 Bd8 26. Qxe6 fxe6 27. Bd6
Bb6 28. Be4 Bxe4 29. fxe4 Kf7 30. a4 Ke8 31. a5 Bxa5 32. Bxc5 e5 33. Bxa7 Kd7
34. Bc5 Kc7 35. Ke2 Kb7 36. Kd3 Kc7 37. h3 Kb7 38. Be7 Bc7 39. c5 Bb8 40. Kc4
Bc7 41. c6+ Kc8 42. Bc5 Ba5 43. g4 Kc7 44. Be7 h5 45. Kb3 hxg4 46. hxg4 Be1 47.
Bf6 Bg3 48. Kc4 Bf4 49. Kb4 Bd2+ 50. Kc5 Bf4 51. b6+ Kb8 52. Be7 1-0

[Event "Mistrzostwa Polski Juniorow Mlodszych do lat 14 - OOM Zachodniopomorskie 2023"]
[Site "Darlowek"]
[Date "1899-12-30"]
[Round "5.19"]
[White "Karwot, Marek"]
[Black "Uhryn, Mateusz"]
[Result "1-0"]
[WhiteTitle "II+"]
[BlackTitle "I"]
[WhiteElo "1597"]
[BlackElo "1485"]

1. e4 c5 2. Nf3 Nc6 3. Bb5 Nf6 4. Bxc6 dxc6 5. d3 Bg4 6. h3 Bh5 7. b3 h6 8. Bb2
e6 9. Nbd2 Be7 10. Qe2 O-O 11. g4 Bg6 12. O-O-O Nd7 13. Rdg1 a5 14. h4 f6 15.
Qe3 c4 16. Nxc4 b5 17. Ncd2 e5 18. g5 Bc5 19. d4 exd4 20. Nxd4 fxg5 21. hxg5 h5
22. f4 Qe8 23. Rg3 Bd6 24. Rf3 Bf7 25. Nf5 Bc5 26. Qc3 1-0

[Event "Mistrzostwa Polski Juniorow Mlodszych do lat 14 - OOM Zachodniopomorskie 2023"]
[Site "Darlowek"]
[Date "1899-12-30"]
[Round "5.20"]
[White "Stachowiak, Bruno"]
[Black "Durzynski, Jan"]
[Result "1/2-1/2"]
[WhiteTitle "II"]
[BlackTitle "I"]
[WhiteElo "1596"]
[BlackElo "1499"]

1. c4 c5 2. e4 e5 3. g3 Nc6 4. Bg2 g6 5. Nc3 Bg7 6. d3 d6 7. Nge2 Nge7 8. O-O O-O
9. f4 f5 10. Nd5 Nxd5 11. cxd5 Nd4 12. Nxd4 cxd4 13. Qb3 Qb6 14. Bd2 fxe4 15.
Bxe4 Bh3 16. Rfc1 Rfc8 17. Qxb6 axb6 18. Rxc8+ Rxc8 19. Rc1 Rxc1+ 20. Bxc1 Kf7
21. Kf2 Bh6 22. Kf3 Bd7 23. Bd2 exf4 24. b3 Kf6 25. h4 Bh3 26. Bc1 Bg2+ 27. Kxg2
f3+ 28. Kxf3 Bxc1 29. Ke2 h5 30. Kf3 Bd2 31. Ke2 1/2-1/2

[Event "Mistrzostwa Polski Juniorow Mlodszych do lat 14 - OOM Zachodniopomorskie 2023"]
[Site "Darlowek"]
[Date "1899-12-30"]
[Round "5.21"]
[White "Jaszczuk, Piotr"]
[Black "Uhryn, Lukasz"]
[Result "1/2-1/2"]
[WhiteTitle "II"]
[BlackTitle "I"]
[WhiteElo "1556"]
[BlackElo "1455"]

1. e4 c5 2. Nf3 d6 3. d4 cxd4 4. Nxd4 Nf6 5. Nc3 g6 6. Be3 Nc6 7. f3 h5 8. Qd2
Nxd4 9. Bxd4 Bh6 10. Be3 Bxe3 11. Qxe3 Be6 12. Bb5+ Kf8 13. O-O Qa5 14. Rae1 Rc8
15. Bd3 Kg7 16. f4 Qc5 17. f5 Bc4 18. Qxc5 Rxc5 19. e5 dxe5 20. Bxc4 Rxc4 21.
Rxe5 Re8 22. Rfe1 Kf8 23. fxg6 fxg6 24. R5e2 a6 25. Rf2 Kg7 26. h3 Rc6 27. Re5
Rc7 28. Re6 Kf7 29. Rb6 Kg7 30. Re2 Rd8 31. Kf2 Nd5 32. Nxd5 Rxd5 33. c3 Kf7 34.
Ree6 Rf5+ 35. Ke3 Rg5 36. g4 hxg4 37. h4 Rh5 38. Rxg6 Rxh4 39. Kf4 Rh1 40. Rxg4
Rc4+ 41. Kf3 Rh3+ 42. Kg2 Rhxc3 43. Rxc4 Rxc4 44. Rxb7 Kf6 45. Rb6+ e6 46. Rxa6
Rc2+ 47. Kf3 Rxb2 48. a4 Kf5 49. Ra8 Rb3+ 50. Ke2 Ra3 51. a5 Ke4 52. a6 Ra2+ 53.
Kd1 Kd3 54. Kc1 e5 55. a7 Ke3 56. Re8 1/2-1/2

[Event "Mistrzostwa Polski Juniorow Mlodszych do lat 14 - OOM Zachodniopomorskie 2023"]
[Site "Darlowek"]
[Date "1899-12-30"]
[Round "5.22"]
[White "Jagodzinski, Jaromir"]
[Black "Rosa, Antoni"]
[Result "0-1"]
[WhiteTitle "II+"]
[BlackTitle "I++"]
[WhiteElo "1473"]
[BlackElo "1643"]

1. e4 g6 2. d4 Bg7 3. Nc3 d6 4. Nf3 Nf6 5. h3 O-O 6. Be3 Nc6 7. d5 Ne5 8. Nxe5
dxe5 9. Qd2 Ne8 10. O-O-O Nd6 11. Bh6 b5 12. h4 b4 13. Bxg7 Kxg7 14. Na4 Nxe4
15. Qe3 Nf6 16. Qxe5 Qd6 17. Qxd6 cxd6 18. Bc4 Bd7 19. Bb3 Rfb8 20. Rd4 Rb5 21.
c3 Rab8 22. cxb4 Rxb4 23. Rxb4 Rxb4 24. Nc3 Ng4 25. Rf1 Rf4 26. f3 Ne5 27. Rh1
Bf5 28. Bc2 Bxc2 29. Kxc2 Nc4 30. Re1 Rxh4 31. Rxe7 Rh2 32. Re2 Rxg2 33. Rxg2
Ne3+ 34. Kd2 Nxg2 35. Nb5 h5 36. Nxd6 Nf4 37. Ke3 Nxd5+ 38. Kf2 Nb4 39. Nb5 a5
40. b3 Nxa2 41. Na3 Nc1 42. Nc4 Nxb3 0-1

[Event "Mistrzostwa Polski Juniorow Mlodszych do lat 14 - OOM Zachodniopomorskie 2023"]
[Site "Darlowek"]
[Date "1899-12-30"]
[Round "5.23"]
[White "Zielen, Stanislaw"]
[Black "Wasiluk, Mateusz"]
[Result "0-1"]
[WhiteTitle "II+"]
[BlackTitle "II+"]
[WhiteElo "1356"]
[BlackElo "1570"]

1. d4 Nf6 2. c4 e6 3. Nf3 Bb4+ 4. Nbd2 d5 5. e3 b6 6. cxd5 Bxd2+ 7. Bxd2 exd5 8.
Ne5 O-O 9. Bb4 Re8 10. Bb5 Re6 11. Rc1 c5 12. Bc3 c4 13. O-O a6 14. Ba4 Ne4 15.
f3 Nxc3 16. bxc3 f6 17. f4 fxe5 18. fxe5 Ra7 19. Rf4 Ree7 20. Qf3 Rf7 21. Bc2
g6 22. g4 Be6 23. Rf1 Qh4 24. h3 Rae7 25. Kg2 Nd7 26. Rg1 g5 27. Rf5 Bxf5 28.
Bxf5 Nxe5 29. dxe5 Rxe5 30. Rf1 Qh6 31. Qg3 Rfe7 32. Qf3 Qg7 33. Qd1 Qf7 34. Qd4
Rxe3 35. Qxb6 Qg7 36. Qd8+ Re8 37. Qxd5+ Kh8 38. Bd7 Qxc3 39. Bxe8 Rg3+ 40. Kh1
Rxh3+ 41. Kg1 Qe3+ 42. Rf2 Rg3+ 43. Kh1 Qe1+ 0-1

[Event "Mistrzostwa Polski Juniorow Mlodszych do lat 14 - OOM Zachodniopomorskie 2023"]
[Site "Darlowek"]
[Date "1899-12-30"]
[Round "5.24"]
[White "Werblinski, Wojciech"]
[Black "Gruca, Karol"]
[Result "0-1"]
[WhiteTitle "II"]
[BlackTitle "II+"]
[WhiteElo "1253"]
[BlackElo "1510"]

1. e4 c5 2. Nf3 Nc6 3. d4 cxd4 4. Nxd4 g6 5. Nc3 Bg7 6. Be3 Nf6 7. f3 O-O 8. Qd2
d5 9. O-O-O dxe4 10. Nxc6 Qxd2+ 11. Rxd2 bxc6 12. Nxe4 Nxe4 13. fxe4 Be6 14. Kb1
Rab8 15. b3 a5 16. Be2 a4 17. Bd4 Bh6 18. Rdd1 f6 19. Bf3 Rfc8 20. Bc5 Kf7 21.
b4 Bf4 22. a3 Rb5 23. g3 Be5 24. Be2 Rxc5 25. bxc5 Rb8+ 26. Kc1 Bb2+ 27. Kd2 Bxa3
28. Ra1 Bb4+ 29. c3 Rd8+ 30. Bd3 Bc4 31. cxb4 Rxd3+ 32. Kc2 Rf3 33. Kd2 Bb5 34.
Rae1 Rd3+ 35. Kc2 Rb3 36. e5 f5 37. g4 fxg4 38. e6+ Kf6 39. Rd1 Rxb4 0-1

[Event "Mistrzostwa Polski Juniorow Mlodszych do lat 14 - OOM Zachodniopomorskie 2023"]
[Site "Darlowek"]
[Date "1899-12-30"]
[Round "5.25"]
[White "Wolski, Ernest"]
[Black "Prokopiuk, Jakub"]
[Result "1/2-1/2"]
[WhiteTitle "II"]
[BlackTitle "I"]
[WhiteElo "1317"]
[BlackElo "1562"]

1. b4 e5 2. Bb2 Bxb4 3. Bxe5 Nf6 4. Nf3 Nc6 5. Bb2 O-O 6. c3 Be7 7. d4 d5 8. e3
Bd6 9. Bd3 Bg4 10. Qc2 h6 11. Nbd2 Re8 12. h3 Bxf3 13. gxf3 Nh5 14. O-O-O Qe7
15. Rhg1 Rab8 16. Rg2 b5 17. Rdg1 b4 18. c4 dxc4 19. Nxc4 b3 20. axb3 Nb4 21.
Qb1 Nxd3+ 22. Qxd3 Qd7 23. Nxd6 cxd6 24. d5 f5 25. Rxg7+ Nxg7 26. Rxg7+ Qxg7 27.
Bxg7 Kxg7 28. Qxf5 Rbd8 29. Qg4+ Kh7 30. Qf5+ Kg7 31. Qd3 Rf8 32. f4 Rc8+ 33.
Kb2 Rc5 34. b4 Rc7 35. h4 Rb8 36. Ka3 Rcb7 37. Qd4+ Kg6 38. f5+ Kf7 39. e4 a5
40. bxa5 Rb3+ 41. Ka2 R3b4 42. Qd1 Rb2+ 43. Ka3 Rb1 44. Qd4 R1b3+ 45. Ka4 Rb2
46. Qc4 Rb1 47. Qc3 R1b2 48. Ka3 Rb1 49. f4 R8b5 50. h5 Rc5 51. Qd2 Rcb5 52. Qc3
1/2-1/2

[Event "Mistrzostwa Polski Juniorow Mlodszych do lat 14 - OOM Zachodniopomorskie 2023"]
[Site "Darlowek"]
[Date "1899-12-30"]
[Round "5.26"]
[White "Kowalski, Witold"]
[Black "Grobelny, Mikolaj"]
[Result "1/2-1/2"]
[WhiteTitle "I+"]
[BlackTitle "I"]
[WhiteElo "1662"]
[BlackElo "1577"]

1. e4 d5 2. exd5 Qxd5 3. Nc3 Qa5 4. d3 Nf6 5. Nf3 c6 6. Be2 Bf5 7. Nd2 e6 8. Nc4
Qc7 9. Bg5 Be7 10. a3 Nbd7 11. Qd2 b5 12. Ne3 Bg6 13. Bf3 Rd8 14. O-O O-O 15.
Rfe1 Rfe8 16. Qe2 Bd6 17. g3 h6 18. Bxf6 Nxf6 19. Ne4 Be7 20. Bg2 Nd5 21. Rad1
a5 22. h4 f5 23. Nd2 f4 24. Nxd5 exd5 25. Qe6+ Bf7 26. Qg4 fxg3 27. fxg3 Bd6 28.
Nf1 Be5 29. d4 Qb6 30. c3 Bf6 31. Nd2 c5 32. Nf3 Qd6 33. Kh2 Be6 34. Qg6 Bf7 35.
Qg4 h5 36. Qf5 g6 37. Qd3 c4 38. Qc2 Kg7 39. Qd2 Be6 40. Qf4 Qxf4 41. gxf4 Bg4
42. Kg3 Be7 43. Ra1 Bxf3 44. Bxf3 Bf6 45. Rad1 Kf7 46. f5 Rxe1 47. Rxe1 gxf5 48.
Bxh5+ Kg7 1/2-1/2

[Event "Mistrzostwa Polski Juniorow Mlodszych do lat 14 - OOM Zachodniopomorskie 2023"]
[Site "Darlowek"]
[Date "1899-12-30"]
[Round "6.1"]
[White "Sowinski, Pawel"]
[Black "Suska, Szymon"]
[Result "1/2-1/2"]
[WhiteTitle "FM"]
[BlackTitle "I"]
[WhiteElo "2313"]
[BlackElo "1879"]

1. e4 c5 2. Nf3 Nc6 3. d4 cxd4 4. Nxd4 g6 5. c4 Nf6 6. Nc3 d6 7. Be2 Nxd4 8. Qxd4
Bg7 9. Be3 O-O 10. Qd2 Be6 11. f3 Qa5 12. Rc1 Rfc8 13. b3 a6 14. Na4 Qxd2+ 15.
Kxd2 Nd7 16. g4 Rab8 17. f4 Nf6 18. Ba7 Ra8 19. Bd4 Rab8 20. Bxf6 Bxf6 21. Nb6
Rc6 22. Nd5 Bxd5 23. exd5 Rc7 24. h4 h6 25. g5 hxg5 26. hxg5 Bb2 27. Rb1 Bg7 28.
a4 a5 29. Bd3 Re8 30. f5 gxf5 31. Bxf5 e6 32. dxe6 fxe6 33. Bh7+ Kf7 34. Bd3 Rh8
35. Rh7 Rf8 36. Re1 Re7 37. Rf1+ Kg8 38. Rxf8+ Kxf8 1/2-1/2

[Event "Mistrzostwa Polski Juniorow Mlodszych do lat 14 - OOM Zachodniopomorskie 2023"]
[Site "Darlowek"]
[Date "1899-12-30"]
[Round "6.2"]
[White "Liskiewicz, Jakub"]
[Black "Komendecki, Antoni"]
[Result "1-0"]
[WhiteTitle "I++"]
[BlackTitle "I++"]
[WhiteElo "1902"]
[BlackElo "1999"]

1. d4 Nf6 2. Bg5 d5 3. Bxf6 gxf6 4. e3 e5 5. Nc3 Be6 6. Nf3 Bd6 7. e4 c6 8. Qd2
Bc7 9. O-O-O dxe4 10. Nxe4 Nd7 11. dxe5 fxe5 12. Nfg5 Bd5 13. c4 Bxe4 14. Nxe4
Nf6 15. Nxf6+ Qxf6 16. Qd7+ Kf8 17. Qxc7 Kg7 18. Qa5 Rhd8 19. Re1 Qf4+ 20. Re3
f6 21. Qe1 Rd4 22. g3 Qh6 23. Be2 Rad8 24. Qb4 R8d7 25. h4 b5 26. h5 bxc4 27.
Bxc4 a5 28. Qc3 a4 29. Be2 R7d5 30. Rd1 Qg5 31. Qxc6 Qf5 32. Qxd5 Rxd5 33. Rxd5
Qxf2 34. Kd2 Qg1 35. Rb5 Kh6 36. Rb4 Qb1 37. a3 Qa2 38. Bc4 Qb1 39. Bd3 Qg1 40.
Be2 Qb1 41. Rf3 Kg7 42. Rf1 1-0

[Event "Mistrzostwa Polski Juniorow Mlodszych do lat 14 - OOM Zachodniopomorskie 2023"]
[Site "Darlowek"]
[Date "1899-12-30"]
[Round "6.3"]
[White "Bochniak, Franciszek"]
[Black "Warchol, Kamil"]
[Result "1/2-1/2"]
[WhiteTitle "I++"]
[BlackTitle "FM"]
[WhiteElo "1884"]
[BlackElo "2103"]

1. e4 c5 2. Nf3 d6 3. Bb5+ Nd7 4. a4 Ngf6 5. Nc3 a6 6. Bc4 e6 7. O-O Be7 8. Re1
O-O 9. d4 cxd4 10. Nxd4 Ne5 11. Bb3 Qc7 12. Qe2 Nc6 13. Be3 Bd7 14. Rad1 Rac8
15. f3 Na5 16. g4 Nxb3 17. cxb3 Ne8 18. f4 Bf6 19. Qd3 Qb8 20. g5 Bxd4 21. Qxd4
b5 22. axb5 axb5 23. e5 d5 24. f5 b4 25. fxe6 Bxe6 26. Nxd5 Bxd5 27. Qxd5 Nc7
28. Qe4 Ne6 29. Rd7 Rc7 30. Rd6 Qa8 31. Qxb4 Qf3 32. Rd2 Rb7 33. Qc4 Rc7 34. Qh4
Rb8 35. Qa4 Rcb7 36. Qc4 Rb4 37. Rf2 Rxc4 38. Rxf3 Rxb3 39. Ra1 g6 40. Raf1 Rg4+
41. Kh1 Nxg5 1/2-1/2

[Event "Mistrzostwa Polski Juniorow Mlodszych do lat 14 - OOM Zachodniopomorskie 2023"]
[Site "Darlowek"]
[Date "1899-12-30"]
[Round "6.4"]
[White "Lecki, Leonard"]
[Black "Ratajczak, Hubert"]
[Result "0-1"]
[WhiteTitle "I+"]
[BlackTitle "I"]
[WhiteElo "1962"]
[BlackElo "1972"]

1. e4 c5 2. Nf3 e6 3. d4 cxd4 4. Nxd4 Nf6 5. Nc3 Nc6 6. a3 Be7 7. Be3 d6 8. f4
e5 9. Nf5 Bxf5 10. exf5 exf4 11. Bxf4 Qb6 12. Qd2 Qxb2 13. Rb1 Qxa3 14. Rxb7 O-O
15. Bb5 Qa1+ 16. Nd1 Ne4 17. Qc1 Qa5+ 18. c3 Bh4+ 19. g3 Nd8 20. Bc6 Nxc6 21.
gxh4 Nc5 22. Qb1 Rae8+ 23. Kf2 Nxb7 24. Qxb7 Qxf5 25. Kg3 Qd3+ 26. Kg2 Re2+ 27.
Nf2 Qe4+ 28. Kg3 Rxf2 29. Kxf2 Qxf4+ 30. Kg2 Qe4+ 31. Kg1 Re8 32. Qd7 Qe3+ 33.
Kg2 Qd2+ 34. Kg3 Re3+ 35. Kg4 Ne5+ 36. Kf5 Nxd7 0-1

[Event "Mistrzostwa Polski Juniorow Mlodszych do lat 14 - OOM Zachodniopomorskie 2023"]
[Site "Darlowek"]
[Date "1899-12-30"]
[Round "6.5"]
[White "Kraczek, Cezary"]
[Black "Pycinski, Wladyslaw"]
[Result "1/2-1/2"]
[WhiteTitle "I"]
[BlackTitle "I"]
[WhiteElo "1720"]
[BlackElo "1942"]

1. Nf3 d5 2. c4 e6 3. g3 Nf6 4. Bg2 Be7 5. O-O O-O 6. b3 b6 7. Bb2 Bb7 8. d4 Nbd7
9. Nbd2 c5 10. e3 Rc8 11. Re1 dxc4 12. bxc4 Qc7 13. Rc1 Rfd8 14. Qc2 Qb8 15. Qb3
Qa8 16. Red1 Ne4 17. Nxe4 Bxe4 18. Ne1 Bxg2 19. Nxg2 Nf6 20. Rd3 cxd4 21. exd4
Rc7 22. Ne3 Rcd7 23. Rcd1 Ne4 24. h4 h6 25. Ng4 Bf8 26. Qc2 Rc7 27. Qb3 Rdc8 28.
Rc1 Qb7 29. Ne3 Qa6 30. a4 Nd6 31. Rdc3 Qa5 32. R3c2 Nf5 33. Bc3 Qa6 34. Nxf5
exf5 35. Bb4 Bxb4 36. Qxb4 Rd7 37. Rd1 Rdc7 38. Rdc1 Rd7 39. Rd1 Qb7 40. Qb5 Rc5
41. Qb1 Qf3 42. Qc1 1/2-1/2

[Event "Mistrzostwa Polski Juniorow Mlodszych do lat 14 - OOM Zachodniopomorskie 2023"]
[Site "Darlowek"]
[Date "1899-12-30"]
[Round "6.6"]
[White "Futyma, Dawid"]
[Black "Cieslak, Patryk"]
[Result "0-1"]
[WhiteTitle "I"]
[BlackTitle "FM"]
[WhiteElo "1519"]
[BlackElo "2319"]

1. Nf3 c5 2. b3 Nc6 3. e3 a6 4. Bb2 d5 5. c4 d4 6. exd4 cxd4 7. d3 e5 8. Be2 Bd6
9. O-O f5 10. Nbd2 Nf6 11. Re1 O-O 12. a3 a5 13. Bf1 Re8 14. Qc2 b6 15. Re2 e4
16. Ne1 e3 17. fxe3 Ng4 18. Ndf3 Nxe3 19. Qd2 Bb7 20. Nc2 Nxc2 21. Qxc2 Bf4 22.
Rxe8+ Qxe8 23. Bc1 Bd6 24. Qe2 Qd7 25. Ra2 Bc5 26. Qf2 Qd6 27. g3 h6 28. Bg2 Qf6
29. Kf1 Rf8 30. Re2 Bd6 31. Bb2 f4 32. g4 Qg6 33. Nxd4 Nxd4 34. Bxb7 Nxe2 35.
Qxe2 f3 36. Qe4 Qxe4 37. Bxe4 Bxh2 38. Kf2 Bg3+ 39. Kxg3 f2 40. Bd5+ Kh7 41. Be4+
g6 42. Bg2 f1=Q 43. Bxf1 Rxf1 44. Bd4 Rd1 45. Bxb6 Rxd3+ 46. Kg2 Rxb3 47. Bxa5
Rxa3 48. Bb6 Ra4 49. Kg3 Rxc4 50. Ba5 Ra4 51. Bc7 Kg7 52. Be5+ Kf7 53. Kf3 g5
54. Kg3 Ra3+ 55. Kg2 Kg6 56. Bd6 Rb3 57. Bc7 h5 58. gxh5+ Kxh5 59. Bd6 Kg4 60.
Bc7 Rb2+ 61. Kg1 Rc2 62. Bb6 Kf3 63. Kh1 g4 64. Bg1 g3 65. Bd4 Rh2+ 66. Kg1 Rd2
0-1

[Event "Mistrzostwa Polski Juniorow Mlodszych do lat 14 - OOM Zachodniopomorskie 2023"]
[Site "Darlowek"]
[Date "1899-12-30"]
[Round "6.7"]
[White "Zielonka, Adam"]
[Black "Wojtacha, Krzysztof"]
[Result "1-0"]
[WhiteTitle "I++"]
[BlackTitle "I"]
[WhiteElo "2100"]
[BlackElo "1505"]

1. e4 c5 2. Nf3 Nc6 3. d4 cxd4 4. Nxd4 Nf6 5. Nc3 e5 6. Ndb5 d6 7. Nd5 Nxd5 8.
exd5 Nb8 9. a4 Be7 10. Be2 O-O 11. O-O Nd7 12. Bd2 a6 13. Na3 f5 14. a5 e4 15.
Nc4 Ne5 16. Nb6 Rb8 17. f4 exf3 18. Bxf3 Bg5 19. c4 Bxd2 20. Qxd2 Qh4 21. Rac1
Nd7 22. b4 Nxb6 23. axb6 Bd7 24. c5 Bb5 25. Rfe1 Qd8 26. Qd4 dxc5 27. bxc5 Rf6
28. d6 Bc6 29. Bxc6 bxc6 30. Re7 Kh8 31. Rce1 Qg8 32. Qe5 Rff8 33. d7 Rbd8 34.
b7 1-0

[Event "Mistrzostwa Polski Juniorow Mlodszych do lat 14 - OOM Zachodniopomorskie 2023"]
[Site "Darlowek"]
[Date "1899-12-30"]
[Round "6.8"]
[White "Bartodziej, Bartosz"]
[Black "Zareba, Piotr"]
[Result "1/2-1/2"]
[WhiteTitle "I"]
[BlackTitle "I+"]
[WhiteElo "1936"]
[BlackElo "1690"]

1. d4 d5 2. c4 e6 3. Nc3 Nf6 4. Bg5 Be7 5. e3 O-O 6. Nf3 Nbd7 7. Qc2 c5 8. cxd5
exd5 9. dxc5 Nxc5 10. Rd1 Be6 11. Bxf6 Bxf6 12. Nxd5 Rc8 13. Bc4 Bxd5 14. Rxd5
Qa5+ 15. Nd2 Qb4 16. O-O Qxb2 17. Qf5 g6 18. Qf3 Bg7 19. g3 a6 20. Ne4 Nxe4 21.
Qxe4 Qb4 22. Bd3 Qxe4 23. Bxe4 Rc4 24. Bf3 Ra4 25. Rd7 Rxa2 26. Bxb7 a5 27. Bd5
Ra1 28. h4 h5 29. Rxa1 Bxa1 30. f4 Bb2 31. Ra7 Bc3 32. Kf2 Bb4 33. Kf3 Bc3 34.
Ke2 Bb4 35. Kf2 Bc3 36. Kf3 Bb4 37. e4 Bc3 38. Ke2 Bb4 39. Kf3 Bc3 40. e5 Bb4
41. Bb3 Bc3 42. f5 gxf5 43. Kf4 Be1 44. Bd1 Bd2+ 45. Kxf5 Be1 46. Bb3 Bxg3 47.
e6 Bxh4 48. exf7+ Kg7 49. Rxa5 Rb8 50. Ba2 Be7 51. Ke6 Bf8 52. Rxh5 Rb6+ 53. Ke5
Bd6+ 54. Ke4 Rb4+ 55. Kd3 Bf8 56. Bc4 Rb6 57. Ke4 Rh6 58. Rg5+ Rg6 59. Rf5 Rf6
60. Ra5 Rh6 61. Bd5 Kf6 62. Ra8 Kg7 63. Ra2 Kf6 64. Rf2+ Ke7 65. Rg2 Kf6 66. Rg8
Rh4+ 67. Kf3 Ke7 68. Kg3 Rd4 69. Rg5 Kf6 70. Rg8 Rxd5 71. Rxf8 Rd7 1/2-1/2

[Event "Mistrzostwa Polski Juniorow Mlodszych do lat 14 - OOM Zachodniopomorskie 2023"]
[Site "Darlowek"]
[Date "1899-12-30"]
[Round "6.9"]
[White "Klim, Juliusz"]
[Black "Dobosiewicz, Dawid"]
[Result "1-0"]
[WhiteTitle "I+"]
[BlackTitle "I+"]
[WhiteElo "1607"]
[BlackElo "1872"]

1. e4 c5 2. Nf3 e6 3. d4 cxd4 4. Nxd4 Nc6 5. Nc3 Qc7 6. g3 a6 7. Bg2 Nf6 8. O-O
Be7 9. Re1 d6 10. Nxc6 bxc6 11. e5 dxe5 12. Rxe5 O-O 13. Re1 Nd5 14. Na4 Rd8 15.
Qe2 Qa5 16. b3 Bb4 17. Rd1 Bb7 18. c4 Nc3 19. Nxc3 Bxc3 20. Bb2 e5 21. Bxc3 Qxc3
22. Rac1 Qa5 23. Qb2 f5 24. b4 Qc7 25. c5 e4 26. Qc3 a5 27. Bf1 axb4 28. Qxb4
h6 29. Qb3+ Kh7 30. Rb1 Rab8 31. Rxd8 Qxd8 32. Ba6 Bxa6 33. Qxb8 Qd3 34. Qb3 Qe2
35. h3 Bd3 36. Qd1 Qxa2 37. Rb7 e3 38. fxe3 Be4 39. Qf1 Qa3 40. Qe1 Qa2 41. Qf1
Qa3 42. Qe1 Qa2 43. Qf2 Qa1+ 44. Qf1 Qa3 45. Kf2 Qxc5 46. Qa1 Qf8 47. Qe5 Qg8
48. g4 Kg6 49. Kg3 h5 50. gxh5+ Kh6 51. Rb8 Qh7 52. Qf4+ Kxh5 53. Rh8 1-0

[Event "Mistrzostwa Polski Juniorow Mlodszych do lat 14 - OOM Zachodniopomorskie 2023"]
[Site "Darlowek"]
[Date "1899-12-30"]
[Round "6.10"]
[White "Przybylski, Jan"]
[Black "Zmarzly, Wiktor"]
[Result "1-0"]
[WhiteTitle "I+"]
[BlackTitle "I+"]
[WhiteElo "1671"]
[BlackElo "1763"]

1. e4 c5 2. Nf3 e6 3. d4 cxd4 4. Nxd4 a6 5. Nc3 b5 6. Bd3 Qc7 7. O-O Nc6 8. Be3
Be7 9. Qe2 Bb7 10. f4 d6 11. f5 Nxd4 12. Bxd4 e5 13. Be3 Nf6 14. Qf3 b4 15. Nd5
Bxd5 16. exd5 Qa5 17. Bc4 Rc8 18. Bb3 e4 19. Qg3 h5 20. a3 h4 21. Qxg7 Rh7 22.
Qg5 Kf8 23. axb4 Qb5 24. Bd4 Rh5 25. Qd2 h3 26. c4 Rxc4 27. Bxc4 Qxc4 28. Qc3
Qxc3 29. bxc3 hxg2 30. Kxg2 Nxd5 31. f6 Bd8 32. Rxa6 Ke8 33. Rxd6 Bc7 34. Rxd5
Rxd5 35. Re1 Rg5+ 36. Kh3 Rh5+ 37. Kg4 Rxh2 38. Rxe4+ Kd8 39. b5 Rb2 40. c4 Rb4
41. Bc5 Rb3 42. Re3 Rb1 43. Kf3 Rf1+ 44. Ke2 Rf5 45. Be7+ Kc8 46. c5 Kb7 47. Rd3
Re5+ 48. Kd1 Re6 49. Kc2 Kc8 50. Kb3 Kb7 51. Kc4 Re4+ 52. Rd4 Re1 53. c6+ Kb6
54. Bc5+ Ka5 55. Bb4+ 1-0

[Event "Mistrzostwa Polski Juniorow Mlodszych do lat 14 - OOM Zachodniopomorskie 2023"]
[Site "Darlowek"]
[Date "1899-12-30"]
[Round "6.11"]
[White "Kania, Franciszek"]
[Black "Majcher, Igor"]
[Result "1-0"]
[WhiteTitle "I"]
[BlackTitle "II+"]
[WhiteElo "1875"]
[BlackElo "1646"]

1. c4 Nf6 2. Nc3 c5 3. g3 d5 4. cxd5 Nxd5 5. Bg2 Nxc3 6. bxc3 Nc6 7. Rb1 e6 8.
Nf3 Be7 9. O-O O-O 10. d4 cxd4 11. cxd4 Bf6 12. Bb2 Qa5 13. Qb3 Rd8 14. Rfd1 Qd5
15. Qc2 Nb4 16. Qc3 Qa5 17. Qb3 Nc6 18. e4 Qb6 19. Qc2 Qa5 20. Bc3 Qa3 21. Ba1
Bd7 22. Qe2 Qa6 23. Qb2 Rab8 24. h4 g6 25. Qd2 Bg7 26. Qf4 Be8 27. h5 Qa4 28.
h6 e5 29. Qc1 Bh8 30. d5 Nd4 31. Nxd4 exd4 32. Qf4 Qxa2 33. e5 d3 34. e6 Bxa1
35. Rxa1 Qb2 36. Bh3 f5 37. Rab1 Qc2 38. Qe5 1-0